History and Biography of Bharat Rantna Awardees (Record no. 14938)

MARC details
000 -LEADER
fixed length control field 00617nam a2200229 a 4500
020 ## - INTERNATIONAL STANDARD BOOK NUMBER
ISBN 9789380037035
082 00 - DEWEY DECIMAL CLASSIFICATION NUMBER
Classification number 954.092
Author Cutter MIS
100 ## - MAIN ENTRY--AUTHOR NAME
Author name Mishra, Kaushlendra
245 ## - TITLE STATEMENT
Title History and Biography of Bharat Rantna Awardees
260 ## - PUBLICATION, DISTRIBUTION, ETC. (IMPRINT)
Place of publication New Delhi
Name of publisher Navyug Publishers & Distributors
Year of publication 2009
300 ## - PHYSICAL DESCRIPTION
Number of Pages 344p
500 ## - GENERAL NOTE
General note includes index and biblioraphy
650 ## - SUBJECT ADDED ENTRY--TOPICAL TERM
Topical Term Biography-Indians
942 ## - ADDED ENTRY ELEMENTS (KOHA)
Koha item type Books
700 1# -
-- Mishra, Kaushlendra
Holdings
Collection code Home library Current library Date acquired Cost, normal purchase price Full call number Accession Number Koha item type
  Henry Martyn Institute Library Henry Martyn Institute Library 01/05/2010 850.00 954.092 MIS 022955 Books
                   Copyright © 2026 | Henry Martyn Institute | Hyderabad | TS-500052 | INDIA | Implemented by hmi.edu.in
Hit-Count:

Powered by Koha